000 00253nam a2200109Ia 4500
008 190914s9999||||xx |||||||||||||| ||und||
100 _aKotler Keller
245 0 _aMarketing Management
260 _aIndia
_bPearson
_c1991
300 _a672
942 _cBK
999 _c9370
_d9370